Les enquêtes de police

Guardado en:  
Detalles Bibliográficos
Autor principal: Matsopoulou, Haritini (Autor)
Tipo de documento: Print Libro
Lenguaje:Francés
Publicado: Paris Libr. Générale de Droit et de Jurisprudence 1996
En: Bibliothèque de sciences criminelles (32)
Año: 1996
Disponibilidad en Tübingen:Disponible en Tübingen.
UB: KB 19 A 6884
Verificar disponibilidad: HBZ Gateway
Servicio de pedido Subito: Pedir ahora.
Palabras clave:

MARC

LEADER 00000cam a2200000 c 4500
001 273239473
003 DE-627
005 20251222212429.0
007 tu
008 970905s1996 xx ||||| m 00| ||fre c
020 |a 2275001751  |9 2-275-00175-1 
035 |a (DE-627)273239473 
035 |a (DE-576)061178179 
035 |a (DE-599)GBV273239473 
035 |a (OCoLC)246478266 
035 |a (OCoLC)36282584 
040 |a DE-627  |b ger  |c DE-627  |e rakwb 
041 |a fre 
082 0 |a 363.2 
100 1 |a Matsopoulou, Haritini  |4 aut 
245 1 4 |a Les enquêtes de police  |c Haritini Matsopoulou 
264 1 |a Paris  |b Libr. Générale de Droit et de Jurisprudence  |c 1996 
300 |a XIV, 920 S. 
336 |a Text  |b txt  |2 rdacontent 
337 |a ohne Hilfsmittel zu benutzen  |b n  |2 rdamedia 
338 |a Band  |b nc  |2 rdacarrier 
490 1 |a Bibliothèque des sciences criminelles  |v 32 
502 |a Zugl.: Paris, Univ., Diss., 1996 
583 1 |a Archivierung prüfen  |c 20200919  |f DE-640  |z 3  |2 pdager 
655 7 |a Hochschulschrift  |0 (DE-588)4113937-9  |0 (DE-627)105825778  |0 (DE-576)209480580  |2 gnd-content 
751 |a Paris  |0 (DE-588)4044660-8  |0 (DE-627)106204734  |0 (DE-576)209061790  |4 uvp 
830 0 |a Bibliothèque de sciences criminelles  |v 32  |9 32  |w (DE-627)131051547  |w (DE-576)000447374  |w (DE-600)1103387-3  |x 0523-5049  |7 am 
951 |a BO 
ELC |b 1 
LOK |0 000 xxxxxcx a22 zn 4500 
LOK |0 001 3204472116 
LOK |0 003 DE-627 
LOK |0 004 273239473 
LOK |0 005 19981205000000 
LOK |0 008 981127||||||||||||||||ger||||||| 
LOK |0 040   |a DE-21  |c DE-627  |d DE-21 
LOK |0 852   |a DE-21 
LOK |0 852 1  |c KB 19 A 6884  |9 00 
LOK |0 935   |a krim 
LOK |0 936ln  |a k5.2.1 
LOK |0 939   |a 27-11-98  |b l01 
ORI |a SA-MARC-krimdoka001.raw 
SIG |a UB: KB 19 A 6884